根据线路图写出中国各轨道交通城市 Name China rail transit city based on route map - Statistics

General Stats
  • This quiz has been taken 486 times
  • The average score is 27 of 48
Answer Stats
Picture Answer % Correct
澳门
90%
成都
87%
哈尔滨
81%
青岛
78%
大连
77%
东莞
74%
深圳
72%
呼和浩特
70%
广州/佛山
69%
兰州
68%
香港
66%
沈阳
64%
台北/新北/桃园
64%
武汉/鄂州
64%
苏州
63%
常州
63%
郑州/许昌
63%
北京/廊坊
62%
温州
59%
上海
59%
乌鲁木齐
58%
台中
57%
南昌
54%
高雄
54%
宁波
54%
金华
54%
西安/咸阳
54%
重庆
54%
南京/滁州/镇江
53%
石家庄
52%
天津
50%
昆明
49%
洛阳
49%
贵阳
48%
南通
48%
合肥
45%
太原
45%
徐州
43%
杭州/嘉兴/绍兴
40%
芜湖
39%
长春
39%
长沙/湘潭
39%
济南
38%
无锡
36%
台州
33%
南宁
31%
福州
30%
厦门
28%
No matching quizzes found
Score Distribution
Percent of People with Each Score
Percentile by Number Answered
Your Score History
You have not taken this quiz